| 000 | 00549pab a2200181 454500 | ||
|---|---|---|---|
| 008 | 180718b1997 xxu||||| |||| 00| 0 eng d | ||
| 100 | _aGovinda Rao, M. | ||
| 245 | _aInternal migration, centre-state grants and economic growth in the states of India: a comment on Cashin and Sahay | ||
| 260 | _c1997 | ||
| 300 | _ap.283-88 | ||
| 362 | _aJun | ||
| 650 | _aFederal aid - India | ||
| 650 | _aEconomic growth - India | ||
| 650 | _aEconomic growth | ||
| 700 | _aSen, Kunal | ||
| 773 | _aInternational Monetary Fund Staff Papers | ||
| 909 | _a36540 | ||
| 999 |
_c36540 _d36540 |
||